000 00576nam a2200217Ia 4500
005 20241129120318.0
008 241129s9999||||xx |||||||||||||| ||und||
020 _a9788119159086
037 _aTB
040 _aSDCL
_beng
_cSDCL
041 _ahin
_2hin
084 _aO152,6N26 R3
_qSDCL
100 _aSingh Namvar
_9392118
245 0 _aAdhunik vishwa sahitya aur siddhant
260 _aDelhi
_bRajkaml prakashan India
_c2023
300 _a470p
365 _aINR
_b1295
650 _aHindi
942 _cTB
_hO152,6N26 R3
999 _c1234284
_d1234284